Geografía por Imágenes- H - Estadísticas

Estadísticas generales
  • Esta prueba ha sido intentada 3.514 veces
  • La puntuación promedio es 10 de 18
Estadísticas de respuestas
Imagen Hint Respuesta % Correcto
país Honduras
95%
país Hungría
94%
ciudad La {Habana}
94%
estado Hawái
86%
cadena montañosa Himalaya
86%
país Haití
82%
ciudad Hong Kong
79%
ciudad Houston
67%
ciudad / estado Hamburgo
52%
capital Helsinki
52%
barrio Hollywood
40%
río (en amarillo) Hudson
40%
lago Hurón
35%
ciudad Hiroshima
34%
isla Hokkaidō
32%
presa presa {Hoover}
29%
ciudad Ciudad {Ho Chi Minh}
22%
isla Hainan
21%
No se encontraron pruebas coincidentes
Distribución de puntuación
Porcentaje de gente con cada puntuación
Porcentaje por número respondido
Historial de tus puntuaciones
No has intentado esta prueba.